00277nam a2200121Ia 4500008004100000082001800041100001000059245002100069250000800090260003500098300001000133650001200143150201s2004 xx 000 0 und d a617.5bC2004D aS.DAS aCLINICAL SURGERY a6TH bS.DAS PUBLICATIONaDELHIc2004 a1-478 aSURGERY